| 000 | 00453nam a22001577a 4500 | ||
|---|---|---|---|
| 999 |
_c18556 _d18556 |
||
| 008 | 201006b xxu||||| |||| 00| 0 eng d | ||
| 020 | _a1308614039 | ||
| 050 |
_aHD58.7 _b.K56 2015 c.1 |
||
| 100 | _aKinicki, Angelo | ||
| 245 |
_aOrganizational Behaviour _bKey concepts, skills and best practices _cAngelo Kinicki |
||
| 250 | _a5th ed. | ||
| 260 |
_aUSA _bMcGrawHill _c2015 |
||
| 300 | _av, 514p. | ||
| 650 | _aConflict management | ||
| 942 |
_2lcc _cBK |
||